Statistics for LEGO quiz

Click here to take the quiz!

General Stats

  • This quiz has been taken 12 times
  • The average score is 3 of 9

Answer Stats

HintAnswer% Correct
Where is LEGO HQ?Billund, Denmark
91%
What was the first LEGO toy?A wooden duck
55%
When was LEGO made?1932
45%
What country buys the most LEGO sets?Germany
36%
Lego is two Danish words put together, what are the words in English or Dutch?play well/leg godt
36%
What was the first LEGO theme?space
27%
How many LEGO elements are produced every minute?36,000
9%
How many standard LEGO bricks would it take to reach the moon?40 billion
9%
What was the first LEGO Video game?LEGO Island
9%

Score Distribution

Percentile by Number Answered

Percent of People with Each Score

Your Score History

You have not taken this quiz